Statistiche per Regioni dei Paesi Europei #12

Clicka qui per fare il quiz!

Statistiche generali

  • Questo quiz è stato fatto 2 volte
  • Il punteggio medio è 7 su 13

Statistiche sulle risposte

Risposta% Corretto
1Attica
100%
4Creta
100%
6Epiro
100%
5Macedonia Orientale e Tracia
100%
9Peloponneso
100%
2Grecia Centrale
50%
7Isole Ionie
50%
3Macedonia Centrale
50%
11Tessaglia
50%
10Egeo Meridionale
0%
8Egeo Settentrionale
0%
12Grecia Occidentale
0%
13Macedonia Occidentale
0%

Distribuzione punteggi

Percentile per numero di risposta

Percentuale di utenti per punteggio

I tuoi punteggi nel tempo

Non hai fatto questo quiz